Most Populous Subdivision in Each Country - Statistics

General Stats
  • This quiz has been taken 336 times
    56 since last reset
  • The average score is 17 of 28
Answer Stats
Population Country Subdivision % Correct
39,431,263 United States California
96%
13,258,262 Russia Moscow
87%
13,010,279 Japan Tokyo
87%
10,423,163 Egypt Cairo
83%
17,764,322 Mexico Mexico
83%
46,004,000 Brazil São Paulo
83%
16,182,641 Canada Ontario
81%
35,000,000 Nigeria Lagos
77%
228,959,599 India Uttar Pradesh
77%
44,215,107 Bangladesh Dhaka
74%
57,106,398 United Kingdom England
74%
12,262,544 France Île-de-France
74%
15,907,951 Turkey Istanbul
74%
14,437,000 Iran Tehran
72%
17,569,053 Argentina Buenos Aires
70%
126,570,000 China Guangdong
70%
14,565,700 Democratic Republic of the Congo Kinshasa
55%
18,190,422 Germany North Rhine-Westphalia
55%
11,170,333 Peru Lima
51%
127,688,922 Pakistan Punjab
51%
50,345,200 Indonesia West Java
49%
10,035,481 Italy Lombardy
47%
14,002,598 Vietnam Ho Chi Minh City
45%
18,077,662 Kingdom of the Netherlands Netherlands
34%
40,884,000 Ethiopia Oromia
30%
15,099,422 South Africa Gauteng
23%
13,511,676 South Korea Gyeonggi
11%
16,933,234 Philippines Calabarzon
4%
No matching quizzes found
Score Distribution
Percent of People with Each Score
Percentile by Number Answered
Your Score History
You have not taken this quiz since the last reset